00775cam a2200205 450000500170000000800410001702000180005805000190007610000190009524500840011425000120019826000500021030000210026049000580028150000780033950400380041760000450045565000350050070000340053520180801132044.0180611 2014 mx |||||| |||| spa  a978607162172604aH61 bR77 20141 aRunciman, W.G. 0aCritica de la filosofia de las ciencias sociales de Max Weber /cW.G. Runciman. a2a ed.  aMéxico :bFondo de Cultura Economica,c2014 a176 p. ;c17 cm. 0aBreviarios del Fondo de Cultura Economica ; vNo. 255 aTraducción de : A critique of Max Weber´s philosophy of social science aIncluye bibliografía e índice1 aWeber, MaxxCrítica e interpretación 4aCiencias SocialesxFilosofía1 aPeña Alfaro, Eduardo,etr.